Ιστορία των αρχαίων ελληνικών μαθηματικών

Αποθηκεύτηκε σε:
Λεπτομέρειες βιβλιογραφικής εγγραφής
Κύριος συγγραφέας: Bashmakova, I. G. (Izabella Grigorevna)
Άλλοι συγγραφείς: Βανδουλάκης, Ιωάννης Μ. (Μεταφραστής, Επιμελητής έκδοσης)
Μορφή: Βιβλίο
Γλώσσα:Greek
Russian
Δημοσίευση: Αθήνα : Παπασωτηρίου, 2014.
Θέματα:
Ετικέτες: Προσθήκη ετικέτας
Δεν υπάρχουν, Καταχωρήστε ετικέτα πρώτοι!

MARC

LEADER 00000cam a2200000 i 4500
001 1/64154
008 150120s2014 gr | ||| |||| ||gre||
020 |a 9789604910601  
035 |l 10120535 
040 |a GR-MyUA  |b gre  |e AACR2 
041 1 |a gre  |h rus 
082 7 |a 510.938   |2 (23) 
100 1 |a Bashmakova, I. G.   |q (Izabella Grigorevna) 
245 1 0 |a Ιστορία των αρχαίων ελληνικών μαθηματικών /   |c Ιζαμπέλλα Γ. Μπασμακόβα ; μετάφραση και κριτική επιμέλεια Ιωάννης Μ. Βανδουλάκης.  
260 |a Αθήνα :   |b Παπασωτηρίου,   |c 2014.  
300 |a xxxvii, 662 σ. :   |b σχέδια ;   |c 25 εκ.  
500 |a Τίτλος πρωτοτύπου: Historia mathematica.  
504 |a Βιβλιογραφία: σ. [552]-625. Ευρετήριο.  
650 0 0 |a Mathematics, Greek  |x History. 
700 1 |a Βανδουλάκης, Ιωάννης Μ.  |e trl  |e edt 
852 |a INST  |b RHODES  |c EUDOXUS  |e 20150120  |h 510.938 BAS  |p 005400037482  |q 005400037482  |t EDX  |y 0 
852 |a INST  |b RHODES  |c EUDOXUS  |e 20160523  |h 510.938 BAS  |p 005400038459  |q 005400038459  |t EDX  |y 0 
852 |a INST  |b RHODES  |c EUDOXUS  |e 20160523  |h 510.938 BAS  |p 005400038460  |q 005400038460  |t EDX  |y 0 
852 |a INST  |b SAMOS  |c EUDOXUS  |e 20170124  |h 510.938 BAS  |p 005300044237  |q 005300044237  |t EDX  |y 23 
852 |a INST  |b SAMOS  |c EUDOXUS  |e 20190522  |h 510.938 BAS  |p 005300045976  |q 005300045976  |t EDX  |y 0 
852 |a INST  |b SAMOS  |c EUDOXUS  |e 20190522  |h 510.938 BAS  |p 005300045977  |q 005300045977  |t EDX  |y 0 
852 |a INST  |b SAMOS  |c EUDOXUS  |e 20190522  |h 510.938 BAS  |p 005300045978  |q 005300045978  |t EDX  |y 0 
901 |a BIBL4-2015-1 
909 |a Ρ  |b 183799 
920 |a Εύδοξος  |b Παραγγελία  |y Ρόδος-ΠΤΔΕ  |z 2016-04 
920 |a Εύδοξος  |b Παραγγελία  |y Ρόδος-ΠΤΔΕ  |z 2014-12 
920 |a Εύδοξος  |b Παραγγελία  |y Σάμος-ΤΜΑΘ  |z 2017-01 
920 |a Εύδοξος  |b Παραγγελία  |y Σάμος-ΤΜΑΘ  |z 2019-05 
922 |a 4ΕΛΗ 
970 |z 2015/01/20